000 00283nam a22001097a 4500
008 230627b xxu||||| |||| 00| 0 eng d
082 _a338.9
_bGPK
245 _aSessional Paper No. 51 of 1955
_bThe Development Programme 1954-57
260 _bGOK
300 _aVI,126p
942 _2ddc
_cBK
999 _c2891
_d2891